Catálogo
 En Linea

Vivir para contarla / (Registro nro. 44770)

Detalles MARC
000 -CABECERA
campo de control de longitud fija 00814nam a2200241 a 4500
001 - NÚMERO DE CONTROL
campo de control 000045281
005 - FECHA Y HORA DE LA ÚLTIMA TRANSACCIÓN
campo de control 20231019124540.0
008 - DATOS DE LONGITUD FIJA--INFORMACIÓN GENERAL
campo de control de longitud fija 150224s2002 cl r 000 f spa d
020 ## - NÚMERO INTERNACIONAL ESTÁNDAR DEL LIBRO
Número Internacional Estándar del Libro 9580470162
040 ## - FUENTE DE LA CATALOGACIÓN
Centro catalogador/agencia de origen DO-SdBNP
Lengua de catalogación spa
Centro/agencia transcriptor BNPHU
082 ## - NÚMERO DE LA CLASIFICACIÓN DECIMAL DEWEY
Número de clasificación C863.44
Número de documento/Ítem G216v
100 ## - ENTRADA PRINCIPAL--NOMBRE DE PERSONA
Nombre de persona GARCÍA MARQUEZ, GABRIEL,
Fechas asociadas al nombre 1927-2014
9 (RLIN) 73304
245 10 - MENCIÓN DE TÍTULO
Título Vivir para contarla /
Mención de responsabilidad, etc. Gabriel García Márquez.
260 ## - PUBLICACIÓN, DISTRIBUCIÓN, ETC.
Lugar de publicación, distribución, etc. Bogotá :
Nombre del editor, distribuidor, etc. Norma,
Fecha de publicación, distribución, etc. 2002.
300 ## - DESCRIPCIÓN FÍSICA
Extensión 579 p. ;
Dimensiones 24 cm.
590 ## - NOTA LOCAL (RLIN)
Nota local Inventariado, 2018/BT
600 #0 - PUNTO DE ACCESO ADICIONAL DE MATERIA--NOMBRE DE PERSONA
Nombre de persona GARCÍA MARQUEZ, GABRIEL,
Fechas asociadas al nombre 1927-2014
9 (RLIN) 73304
600 14 - PUNTO DE ACCESO ADICIONAL DE MATERIA--NOMBRE DE PERSONA
Nombre de persona GARCÍA MARQUEZ, GABRIEL,
Subdivisión cronológica 1928-
Subdivisión general INFANCIA Y JUVENTUD
9 (RLIN) 73305
650 #4 - PUNTO DE ACCESO ADICIONAL DE MATERIA--TÉRMINO DE MATERIA
Término de materia o nombre geográfico como elemento de entrada Autores colombianos
Subdivisión cronológica SIGLO XX
9 (RLIN) 73306
650 #4 - PUNTO DE ACCESO ADICIONAL DE MATERIA--TÉRMINO DE MATERIA
Término de materia o nombre geográfico como elemento de entrada Novela colombiana
9 (RLIN) 1243
650 #4 - PUNTO DE ACCESO ADICIONAL DE MATERIA--TÉRMINO DE MATERIA
Término de materia o nombre geográfico como elemento de entrada Literatura colombiana
9 (RLIN) 1244
910 ## - DATOS DE OPCIÓN DEL USUARIO (OCLC)
Datos de opción del usuario Validado. Control de calidad.MFF
Existencias
Estado de retiro Estado de pérdida Restricciones de uso No para préstamo Código de colección Localización permanente Ubicación/localización actual Ubicación en estantería Fecha de adquisición Número de inventario Total de préstamos Signatura topográfica completa Código de barras Fecha visto por última vez Precio válido a partir de Tipo de ítem Koha Nota pública Número de copia
      Excluido de préstamo Monografías: Libros y Folletos General General Depósito 24.02.2015 LF1   C863.44 G216v 45281-10 25.06.2020 25.06.2020 No se presta Perteneció a la biblioteca personal del Dr. Guaroa Ginebra H.  
      Excluido de préstamo Monografías: Libros y Folletos General General Depósito 23.06.2015 LF1   C863.44 G216v 45281-20 25.06.2020 25.06.2020 No se presta Perteneció a la biblioteca personal de Chiqui Vicioso / Fidelio Despradel. e. 2
        Monografías: Libros y Folletos General General Depósito 28.08.2018 LF1   C863.44 G216v 45281-30 25.06.2020 25.06.2020 Préstamo en sala   e. 3

Con tecnología Koha